000 00672nam a2200253Ia 4500
003 OSt
005 20221005052053.0
006 a|||||r|||| 00| 0
007 ta
008 221004b |||||||| |||| 00| 0 eng d
024 _a38381
037 _cTextual
040 _aCRL
_cCRL
_beng
041 _2eng
_aeng
082 _aO111,2J80,6, K7
100 _aWebster John
245 0 _aDuchess of malfi
260 _aLondon
_bChatto and windus UK
_c1958
300 _a223p.
_ccm.
650 _aENGLISH DRAMA
700 _a Allen Frederick Ed.
942 _hO111,2J80,6, K7
_cTEXL
_2cc
999 _c959732
_d959732